000 00605nam a2200229Ia 4500
003 OSt
005 20220928103336.0
006 a|||||r|||| 00| 0
007 ta
008 220927b |||||||| |||| 00| 0 eng d
024 _a89764
037 _cTextual
040 _aSDCL
_cSDCL
_beng
041 _2eng
_aeng
082 _aV2y7N17R, P4
100 _aRai Supriya
_9403598
245 0 _aRajNarayan ka samajvadi vyaktitva.
260 _aNew Delhi
_bSunrise Publications
_c2004
300 _a210p
_ccm.
942 _hV2y7N17R, P4
_cTEXL
_2CC
999 _c719375
_d719375